[Event "Miedzynarodowe Mistrzostwa Malopolski"]
[Site "Krakow"]
[Date "2011.05.03"]
[Round "3"]
[White "Kaim, Piotr"]
[Black "Bednarczyk, Damian"]
[Result "1-0"]
[WhiteElo "2285"]
[BlackElo "2002"]
[PlyCount "71"]

1. e4 c5 2. Nf3 Nc6 3. d4 cxd4 4. Nxd4 Nf6 5. Nc3 d6 6. Bg5 e6 7. Qd2 a6 8.
O-O-O Bd7 9. f3 Rc8 10. Kb1 Be7 11. h4 h6 12. Be3 h5 13. Nxc6 Bxc6 14. Bd3 Qa5
15. Qf2 Nd7 16. Bd4 b5 17. Bxg7 Rg8 18. Bd4 b4 19. Ne2 e5 20. Be3 Bb7 21. Ng3
d5 22. exd5 Bxd5 23. b3 Be6 24. Bf5 Nf6 25. Bxe6 fxe6 26. Ne4 Nd5 27. Bc1 Bc5
28. Qe2 Bd4 29. Nf6+ Nxf6 30. Rxd4 Nd5 31. Bb2 exd4 32. Qxe6+ Ne7 33. Re1 Qc7
34. Qxg8+ Kd7 35. Qe6+ Kd8 36. Qe4 1-0

[Event "Miedzynarodowe Mistrzostwa Malopolski"]
[Site "Krakow"]
[Date "2011.05.03"]
[Round "3"]
[White "Lach, Piotr"]
[Black "Sanetra, Szymon"]
[Result "1-0"]
[WhiteElo "2176"]
[BlackElo "2028"]
[PlyCount "119"]

1. e4 c6 2. d4 d5 3. exd5 cxd5 4. c4 Nf6 5. Nc3 e6 6. Nf3 Be7 7. cxd5 Nxd5 8.
Bd3 O-O 9. O-O Nc6 10. Re1 Nf6 11. a3 a6 12. Bg5 b5 13. Bc2 Bb7 14. Qd3 g6 15.
Bb3 b4 16. Na4 bxa3 17. bxa3 Na5 18. Ne5 Nxb3 19. Qxb3 Bd5 20. Qe3 Nh5 21. Bxe7
Qxe7 22. Nc5 Ra7 23. Rab1 Ng7 24. Rb6 a5 25. Reb1 Nf5 26. Qd2 Qh4 27. f4 h5 28.
Rb8 Qe7 29. R8b5 Qh4 30. Rb8 Qe7 31. Qf2 Qh4 32. Qxh4 Nxh4 33. Ncd7 Rxb8 34.
Rxb8+ Kg7 35. Rf8 Rb7 36. Rxf7+ Kh6 37. Nf6 Rxf7 38. Nxf7+ Kg7 39. Nxd5 Kxf7
40. Ne3 Kf6 41. Kf2 g5 42. fxg5+ Kxg5 43. g3 Ng6 44. Nc4 a4 45. Nb2 Ne7 46.
Nxa4 Nf5 47. Nc5 Nxd4 48. a4 Kf5 49. a5 Nc6 50. a6 e5 51. Kf3 Nd4+ 52. Ke3 Nc6
53. h3 Na7 54. Kf3 Nc6 55. g4+ hxg4+ 56. hxg4+ Kg5 57. Ne4+ Kg6 58. Nd6 Kg5 59.
Nc4 Kf6 60. Ke4 1-0

[Event "Miedzynarodowe Mistrzostwa Malopolski"]
[Site "Krakow"]
[Date "2011.05.03"]
[Round "3"]
[White "Watorek, Marcin"]
[Black "Blasiak, Miroslaw"]
[Result "1-0"]
[WhiteElo "2104"]
[BlackElo "1957"]
[PlyCount "81"]

1. d4 d5 2. c4 e6 3. Nc3 Nf6 4. Bg5 Be7 5. Nf3 O-O 6. e3 h6 7. Bxf6 Bxf6 8. Qd2
b6 9. O-O-O Bb7 10. cxd5 exd5 11. h4 g6 12. h5 g5 13. Bd3 Nd7 14. Bb1 Re8 15.
Qd3 Nf8 16. Ne5 c5 17. Qf5 cxd4 18. Ng4 Bg7 19. exd4 Rc8 20. Bc2 a6 21. Rhe1
Qd6 22. Ne3 Rcd8 23. Kb1 b5 24. Qd3 Qd7 25. Nf5 Rxe1 26. Rxe1 Re8 27. Rg1 Qe6
28. f4 gxf4 29. g3 f3 30. Qxf3 b4 31. Na4 Qe2 32. Qf4 Qxh5 33. Nd6 Re7 34. Nc5
Bc6 35. Nf5 Re8 36. Nxg7 Kxg7 37. Rf1 a5 38. Qf6+ Kg8 39. Qxc6 Re3 40. Qc8 Kg7
41. Qc7 1-0

[Event "Miedzynarodowe Mistrzostwa Malopolski"]
[Site "Krakow"]
[Date "2011.05.03"]
[Round "3"]
[White "Suliborski, Jakub"]
[Black "Kosturkiewicz, Jacek"]
[Result "1/2-1/2"]
[WhiteElo "1902"]
[BlackElo "2030"]
[PlyCount "75"]

1. Nf3 Nf6 2. g3 b6 3. Bg2 Bb7 4. d4 c5 5. O-O cxd4 6. Nxd4 Bxg2 7. Kxg2 d5 8.
Bg5 Nbd7 9. Bxf6 Nxf6 10. c3 e6 11. Qa4+ Qd7 12. Qxd7+ Kxd7 13. Nd2 Bc5 14.
N2f3 Rhc8 15. e3 Ne4 16. Ne5+ Ke7 17. f3 Nd6 18. Rfe1 f6 19. Nd3 Rab8 20. Nf4
Nc4 21. Nfxe6 Nxb2 22. Nxg7 Na4 23. Ngf5+ Kf7 24. Nb5 Ke6 25. Nfd4+ Kd7 26.
Nxa7 Bxd4 27. exd4 Rxc3 28. Re2 Re8 29. Rxe8 Kxe8 30. Nb5 Rc2+ 31. Kh3 Kd7 32.
Rb1 Rxa2 33. Rb4 Kc6 34. Kg4 Nb2 35. Nc3 Ra3 36. Nxd5 Nd3 37. Rxb6+ Kxd5 38.
Rxf6 1/2-1/2

[Event "Miedzynarodowe Mistrzostwa Malopolski"]
[Site "Krakow"]
[Date "2011.05.03"]
[Round "3"]
[White "Gbyl, Andrzej"]
[Black "Zaboklicki, Zbigniew"]
[Result "1-0"]
[WhiteElo "2244"]
[BlackElo "1898"]
[PlyCount "95"]

1. d4 d5 2. c4 e6 3. Nc3 Nf6 4. Bg5 Nbd7 5. cxd5 exd5 6. e3 c6 7. Bd3 Be7 8.
Qc2 O-O 9. Nge2 Re8 10. Bf4 Nf8 11. O-O Bd6 12. a3 Bg4 13. b4 a6 14. Bxd6 Bxe2
15. Qxe2 Qxd6 16. Na4 Ne6 17. Qf3 b5 18. Nc5 Nxc5 19. bxc5 Qc7 20. a4 Reb8 21.
Rfb1 Ra7 22. Qe2 g6 23. h3 Kg7 24. Qc2 Rab7 25. axb5 axb5 26. Qa2 Re8 27. Rb3
Re7 28. Ra3 Re8 29. Ra6 Rc8 30. Qa5 Qxa5 31. R6xa5 Kf8 32. Kf1 Ke7 33. Ke2 Kd7
34. Kd2 Kc7 35. f3 Re8 36. Ra6 Re6 37. g4 h6 38. Ra8 Re8 39. Rxe8 Nxe8 40. e4
dxe4 41. fxe4 Kd7 42. Kc3 Nc7 43. Kb4 Ke7 44. Bc2 Ne6 45. Rd1 Rd7 46. d5 cxd5
47. c6 Rd6 48. exd5 1-0

[Event "Miedzynarodowe Mistrzostwa Malopolski"]
[Site "?"]
[Date "2011.05.03"]
[Round "3"]
[White "Wierzbicka, Wiktoria"]
[Black "Kumor, Lukasz"]
[Result "1-0"]
[WhiteElo "2026"]
[BlackElo "2165"]
[PlyCount "79"]
[EventDate "2011.05.01"]
[SourceDate "2011.05.03"]

1. e4 e6 2. d4 d5 3. Nd2 Nf6 4. e5 Nfd7 5. Bd3 c5 6. c3 Nc6 7. Ne2 cxd4 8. cxd4
Qb6 9. Nf3 f6 10. exf6 Nxf6 11. O-O Bd6 12. b3 O-O 13. Bb2 Qc7 14. Rc1 Bd7 15.
Ng3 Bf4 16. Rc3 Qd6 17. Re1 e5 18. Rxc6 Qxc6 19. dxe5 Ng4 20. e6 Nxf2 21. Kxf2
Bxe6 22. Kg1 Bg4 23. Bd4 Qd6 24. Qc2 Bxg3 25. Bc5 Qh6 26. hxg3 Rfe8 27. Qf2
Bxf3 28. gxf3 b6 29. Bd4 Qh5 30. Kg2 Rac8 31. g4 Qg5 32. Bf5 Rcd8 33. f4 Qh6
34. Rh1 Qc6 35. Rxh7 Re7 36. Rh8+ Kxh8 37. Qh4+ Kg8 38. Qh7+ Kf8 39. Qh8+ Kf7
40. Qxg7+ 1-0

[Event "Miedzynarodowe Mistrzostwa Malopolski"]
[Site "Krakow"]
[Date "2011.05.04"]
[Round "4"]
[White "Khamitskiy, Sergei"]
[Black "Sadzikowski, Daniel"]
[Result "1/2-1/2"]
[WhiteElo "2317"]
[BlackElo "2374"]
[PlyCount "76"]
[EventDate "2011.??.??"]

1. d4 d5 2. Nf3 Nf6 3. c4 c6 4. Nc3 e6 5. g3 dxc4 6. Bg2 Nbd7 7. O-O Be7 8. a4
c5 9. a5 O-O 10. dxc5 Nxc5 11. Qxd8 Rxd8 12. Nd2 Nd5 13. Nxc4 Nb3 14. Rb1 Rb8
15. Rd1 Nxc3 16. Rxd8+ Bxd8 17. bxc3 Nxc1 18. Rxc1 Bc7 19. Rd1 Kf8 20. Nd6 Bxa5
21. Nxc8 Rxc8 22. Rd7 Rxc3 23. Rxb7 Rc1+ 24. Bf1 Bb6 25. Kg2 Rc2 26. g4 g5 27.
Kf3 Rc1 28. Kg2 Rc2 29. Kf3 Rc1 30. Kg2 Kg7 31. e3 Rc5 32. Bd3 h6 33. h3 Kf6
34. Kf3 Ra5 35. Bc4 Ra3 36. Bb5 Bc5 37. Be8 Be7 38. Ke4 Ra5 1/2-1/2

[Event "Miedzynarodowe Mistrzostwa Malopolski"]
[Site "Krakow"]
[Date "2011.05.04"]
[Round "4"]
[White "Szuper, Paul"]
[Black "Barski, Radoslaw"]
[Result "0-1"]
[WhiteElo "2184"]
[BlackElo "2284"]
[PlyCount "98"]
[EventDate "2011.??.??"]

1. d4 Nf6 2. c4 g6 3. Nc3 Bg7 4. e4 d6 5. Nf3 O-O 6. Be2 e5 7. dxe5 dxe5 8. Be3
Nbd7 9. O-O c6 10. Qc2 Qe7 11. Rfd1 Ne8 12. Nd2 Nc7 13. Nb3 h5 14. Qd2 Ne6 15.
Bf1 Rd8 16. f3 a5 17. Na4 Qb4 18. Qxb4 axb4 19. Nb6 Nxb6 20. Rxd8+ Nxd8 21.
Bxb6 Ne6 22. a3 bxa3 23. Rxa3 Rxa3 24. bxa3 Bf8 25. c5 Bh6 26. Kf2 Bf8 27. Bc4
Be7 28. Bxe6 Bxe6 29. Na5 Bc8 30. Ke2 h4 31. h3 Kg7 32. Nc4 f6 33. Kd3 Kh6 34.
Nd6 Bxd6 35. cxd6 Kg7 36. Kc4 Kf7 37. Kc5 Ke8 38. Bc7 Be6 39. Kb6 Bc4 40. Kxb7
Kd7 41. a4 Bf1 42. Kb6 Bxg2 43. a5 Bxf3 44. a6 c5 45. Kxc5 Bxe4 46. Ba5 g5 47.
Be1 Ba8 48. a7 f5 49. Bc3 f4 0-1

[Event "Miedzynarodowe Mistrzostwa Malopolski"]
[Site "Krakow"]
[Date "2011.05.04"]
[Round "4"]
[White "Jakubiec, Artur"]
[Black "Kaim, Piotr"]
[Result "1-0"]
[WhiteElo "2535"]
[BlackElo "2285"]
[PlyCount "61"]
[EventDate "2011.??.??"]

1. e4 c5 2. c3 e6 3. d4 d5 4. e5 Nc6 5. Nf3 Bd7 6. a3 f6 7. Bd3 Qc7 8. Bf4 c4
9. Bc2 Qb6 10. Ra2 g5 11. Bg3 g4 12. Nh4 fxe5 13. dxe5 O-O-O 14. Nd2 Nh6 15.
Qe2 Bc5 16. b4 cxb3 17. Nxb3 Na5 18. Nxc5 Qxc5 19. Qd2 Bb5 20. Rb2 d4 21. cxd4
Rxd4 22. Rxb5 Qxb5 23. Qxd4 Rd8 24. Qa4 Qa6 25. Bd1 Qd3 26. Qc2+ Nc4 27. Qxd3
Rxd3 28. Bf4 Nf7 29. Bxg4 Kd7 30. Nf3 Nxa3 31. Ke2 1-0

[Event "Miedzynarodowe Mistrzostwa Malopolski"]
[Site "Krakow"]
[Date "2011.05.04"]
[Round "4"]
[White "Swiech, Przemyslaw"]
[Black "Watorek, Marcin"]
[Result "1-0"]
[WhiteElo "2219"]
[BlackElo "2104"]
[PlyCount "71"]
[EventDate "2011.??.??"]

1. d4 d5 2. c4 c6 3. Nc3 Nf6 4. Nf3 e6 5. e3 Nbd7 6. Bd3 dxc4 7. Bxc4 b5 8. Bd3
a6 9. O-O c5 10. a4 b4 11. Ne2 Bb7 12. Ng3 h5 13. Ng5 Bd6 14. f4 Qb6 15. a5 Qc6
16. N3e4 Bb8 17. b3 cxd4 18. exd4 Nd5 19. f5 e5 20. Bb2 Nc3 21. Bxc3 bxc3 22.
Bc4 Nf6 23. Bxf7+ Ke7 24. d5 Nxd5 25. Bxd5 Qxd5 26. Qf3 Rf8 27. Rad1 Qxa5 28.
Kh1 c2 29. Rc1 Ba7 30. Qxh5 Qd5 31. Qh7 Rf7 32. Rxc2 Qd3 33. Rc7+ Ke8 34. Qh8+
Rf8 35. Qh5+ Kd8 36. Ne6# 1-0

[Event "Miedzynarodowe Mistrzostwa Malopolski"]
[Site "Krakow"]
[Date "2011.05.??"]
[Round "4"]
[White "Szewczyk, Grzegorz"]
[Black "Lach, Piotr"]
[Result "0-1"]
[WhiteElo "2000"]
[BlackElo "2176"]
[PlyCount "78"]
[EventDate "2011.??.??"]

1. d4 Nf6 2. Nf3 g6 3. c4 Bg7 4. Nc3 d5 5. cxd5 Nxd5 6. e4 Nxc3 7. bxc3 c5 8.
Rb1 O-O 9. Be2 b6 10. O-O Bb7 11. Qd3 Qc7 12. Bg5 e6 13. Qe3 Rc8 14. e5 Qc6 15.
Rfc1 c4 16. Rb4 Qd5 17. Ne1 Na6 18. Rbb1 Qd7 19. Bh6 Bh8 20. Bg5 b5 21. Bf3
Rab8 22. h4 Nc7 23. h5 Bxf3 24. Qxf3 Nd5 25. h6 f6 26. exf6 Qf7 27. Nc2 Bxf6
28. Bd2 Bd8 29. Qe4 Qf5 30. f3 Bc7 31. Ne3 Qxe4 32. fxe4 Nf4 33. Rf1 Ne2+ 34.
Kf2 Ng3 35. Rg1 Nxe4+ 36. Ke1 Rf8 37. Rf1 a6 38. Rf3 Bf4 39. Rh3 Bg3+ 0-1

[Event "Miedzynarodowe Mistrzostwa Malopolski"]
[Site "Krakow"]
[Date "2011.05.04"]
[Round "4"]
[White "Suliborski, Jakub"]
[Black "Kawula, Andrzej"]
[Result "1-0"]
[WhiteElo "1902"]
[BlackElo "1989"]
[PlyCount "63"]
[EventDate "2011.??.??"]

1. d4 e6 2. c4 f5 3. g4 fxg4 4. e4 d5 5. e5 Bb4+ 6. Nc3 Ne7 7. Qxg4 Nf5 8. Nf3
c5 9. Bg5 Qa5 10. Bd2 Nc6 11. Bd3 cxd4 12. Bxf5 exf5 13. Qxg7 Rf8 14. Nxd5
Bxd2+ 15. Nxd2 Rf7 16. Qg8+ Rf8 17. Qxh7 Bd7 18. e6 O-O-O 19. exd7+ Rxd7 20.
Qh6 Re8+ 21. Kf1 Rxd5 22. cxd5 Qxd5 23. Rg1 Qb5+ 24. Kg2 Qd5+ 25. f3 Ne5 26.
Rac1+ Kb8 27. Qf4 Ka8 28. Qxf5 Qd8 29. Kh1 a6 30. Rge1 Nc6 31. Rxe8 Qxe8 32.
Qe4 1-0

[Event "Miedzynarodowe Mistrzostwa Malopolski"]
[Site "Krakow"]
[Date "2011.05.04"]
[Round "4"]
[White "Goslawski, Michal"]
[Black "Gbyl, Andrzej"]
[Result "0-1"]
[WhiteElo "2033"]
[BlackElo "2244"]
[PlyCount "132"]
[EventDate "2011.??.??"]

1. c4 e5 2. Nc3 Nc6 3. g3 g6 4. Bg2 Bg7 5. e3 d6 6. Rb1 a5 7. d3 Nge7 8. Nd5
O-O 9. Ne2 Nb4 10. a3 Nbxd5 11. cxd5 c6 12. dxc6 bxc6 13. O-O Ba6 14. Qc2 Rb8
15. b4 axb4 16. axb4 Qb6 17. e4 h6 18. Be3 Qb7 19. Ra1 Ra8 20. Qd2 Kh7 21. Ra5
Bb5 22. Rxa8 Rxa8 23. Nc3 Ba6 24. Rb1 Nc8 25. Bf1 Na7 26. Ra1 Nb5 27. Nxb5 Bxb5
28. Qb2 Ra6 29. Rxa6 Qxa6 30. Qb3 Qa1 31. Kg2 Kg8 32. h4 Bf8 33. Be2 Qa6 34. h5
g5 35. Qc3 Bg7 36. Qb3 d5 37. exd5 cxd5 38. Bc5 d4 39. Kh2 Qf6 40. Kg1 e4 41.
Qa2 Qa6 42. Qd5 Bxd3 43. Bg4 e3 44. Qd8+ Kh7 45. Qe7 Qa2 46. fxe3 Qb1+ 47. Kg2
Qf1+ 48. Kh2 Qf2+ 49. Kh1 f5 50. Bxf5+ Qxf5 51. Bxd4 Qh3+ 52. Kg1 Qxg3+ 53. Kh1
Qf3+ 54. Kg1 Qf8 55. Qb7 Kh8 56. Qd5 Qf1+ 57. Kh2 Qf2+ 58. Kh1 Qh4+ 59. Kg1
Qg4+ 60. Kh2 Qxh5+ 61. Kg1 Qg4+ 62. Kh2 Bxd4 63. exd4 Qf4+ 64. Kg1 Kg7 65. Qd7+
Qf7 66. Qd6 Qf1+ 0-1

[Event "Miedzynarodowe Mistrzostwa Malopolski"]
[Site "Krakow"]
[Date "2011.05.04"]
[Round "4"]
[White "Jakubiec, Edyta"]
[Black "Wierzbicka, Wiktoria"]
[Result "1-0"]
[WhiteElo "2206"]
[BlackElo "2026"]
[PlyCount "75"]
[EventDate "2011.??.??"]

1. e4 c5 2. Nf3 Nc6 3. Bb5 a6 4. Bxc6 dxc6 5. d3 Qc7 6. Be3 e5 7. Nbd2 b5 8.
O-O Bd6 9. Nb3 Qe7 10. Na5 Bg4 11. h3 Bh5 12. a4 Qc7 13. Nb3 Qe7 14. Nbd2 Nf6
15. Qe1 Nd7 16. Nh2 g5 17. f3 Nf8 18. Qf2 Ne6 19. Rfc1 Bg6 20. Nhf1 h5 21. Ng3
Ng7 22. Nb3 Ne6 23. c3 c4 24. dxc4 bxc4 25. Na5 g4 26. Nxc4 Bc7 27. Nf5 Bxf5
28. exf5 Ng5 29. h4 Nh7 30. Bc5 Qf6 31. Re1 O-O-O 32. Bb6 g3 33. Qxg3 Rhg8 34.
Qf2 Rd7 35. Bxc7 Rxc7 36. Rad1 Kb8 37. Nxe5 Kb7 38. Nd7 1-0

[Event "Miedzynarodowe Mistrzostwa Malopolski"]
[Site "Krakow"]
[Date "2011.05.04"]
[Round "4"]
[White "Kosturkiewicz, Jacek"]
[Black "Bednarczyk, Damian"]
[Result "1-0"]
[WhiteElo "2030"]
[BlackElo "2002"]
[PlyCount "101"]
[EventDate "2011.??.??"]

1. e4 c5 2. Nf3 Nc6 3. d4 cxd4 4. Nxd4 Nf6 5. Nc3 d6 6. Bg5 e6 7. Qd2 a6 8.
O-O-O Bd7 9. f4 b5 10. e5 dxe5 11. Nxc6 Bxc6 12. Qxd8+ Rxd8 13. Rxd8+ Kxd8 14.
fxe5 h6 15. Be3 Nd7 16. Bd4 g6 17. Bd3 Bxg2 18. Rg1 Bb7 19. Ne4 Be7 20. Rf1 Rf8
21. Nd6 Bxd6 22. exd6 e5 23. Be3 Ke8 24. h4 h5 25. Bh6 Rg8 26. c4 Bc6 27. c5 f5
28. b4 Rh8 29. Bg7 Rg8 30. Bxe5 Nxe5 31. Re1 Kd7 32. Rxe5 Re8 33. Rxe8 Kxe8 34.
Kd2 Kf7 35. Ke3 Ke6 36. Be2 Bd5 37. a3 Bc6 38. Bf3 Be8 39. Kd4 g5 40. hxg5 h4
41. Bd5+ Kd7 42. Ke5 h3 43. Be6+ Kd8 44. Bxf5 h2 45. Be4 Kc8 46. Kf4 Bg6 47.
Bh1 Kd7 48. Kg3 Ke6 49. Kxh2 Bf5 50. Kg3 Ke5 51. Bb7 1-0

[Event "Miedzynarodowe Mistrzostwa Malopolski"]
[Site "?"]
[Date "2011.05.04"]
[Round "4"]
[White "Blasiak, Miroslaw"]
[Black "Zaboklicki, Zbigniew"]
[Result "0-1"]
[WhiteElo "1957"]
[BlackElo "1898"]
[PlyCount "120"]
[EventDate "2011.05.01"]
[SourceDate "2011.05.04"]

1. e4 c5 2. Nf3 Nc6 3. d4 cxd4 4. Nxd4 e6 5. Nc3 a6 6. Be2 Nge7 7. Be3 Nxd4 8.
Qxd4 b5 9. O-O Nc6 10. Qd2 Be7 11. Rad1 O-O 12. f4 d6 13. a3 Qc7 14. Qe1 b4 15.
axb4 Nxb4 16. Rc1 Bb7 17. Qf2 d5 18. exd5 Bxd5 19. Bd4 Rfc8 20. Qg3 Bf8 21.
Nxd5 Nxd5 22. Bd3 g6 23. c4 Nb4 24. Be4 Nc6 25. Bc3 a5 26. Qh4 Bg7 27. Rf3 Bxc3
28. Rcxc3 f5 29. Bxc6 Qxc6 30. Rh3 Ra7 31. Rhd3 Qb6+ 32. Qf2 Qxf2+ 33. Kxf2 a4
34. Ke2 Rb7 35. Rc2 Rb4 36. Rd4 Kf7 37. g3 Kf6 38. Ke3 Rc5 39. Kd3 Rb3+ 40. Kd2
h6 41. Rd3 Rb4 42. Rdc3 g5 43. Kd3 Rc8 44. fxg5+ hxg5 45. c5 e5 46. Rc4 Rb3+
47. Kd2 a3 48. bxa3 Rxa3 49. Rb4 f4 50. g4 Ke6 51. Rb6+ Kd5 52. Rg6 Rxc5 53.
Rxc5+ Kxc5 54. Rxg5 Kd4 55. h4 e4 56. Rg7 Ra2+ 57. Ke1 Ke3 58. Kf1 Ra1+ 59. Kg2
f3+ 60. Kg3 f2 0-1

[Event "Miedzynarodowe Mistrzostwa Malopolski"]
[Site "?"]
[Date "2011.05.04"]
[Round "4"]
[White "Kumor, Lukasz"]
[Black "Zadlo, Tomasz"]
[Result "1/2-1/2"]
[WhiteElo "2165"]
[BlackElo "2077"]
[PlyCount "88"]
[EventDate "2011.05.01"]
[SourceDate "2011.05.04"]

1. e4 c5 2. Nf3 d6 3. d4 cxd4 4. Nxd4 Nf6 5. Nc3 a6 6. Be2 e5 7. Nb3 Be7 8. O-O
O-O 9. Kh1 b5 10. Bf3 Bb7 11. a3 Nbd7 12. Bg5 Rc8 13. Qd3 Rc4 14. Bxf6 Nxf6 15.
a4 Qc8 16. axb5 axb5 17. Na5 Rd4 18. Qe3 Ba6 19. Be2 b4 20. Bxa6 Qxa6 21. Nb3
Qb7 22. Nxd4 exd4 23. Qxd4 bxc3 24. bxc3 Qxe4 25. Qxe4 Nxe4 26. Rfe1 d5 27. f3
Nf2+ 28. Kg1 Bc5 29. Kf1 h5 30. Re2 Rc8 31. Rae1 Kf8 32. Rxf2 Bxf2 33. Kxf2
Rxc3 34. Re2 Rc6 35. Ke3 Ke7 36. Kd4+ Kd6 37. c3 Rc4+ 38. Kd3 Rc8 39. h3 h4 40.
Kd4 Rc4+ 41. Kd3 Rc8 42. Ra2 g5 43. Ra4 Ke5 44. Rg4 f6 1/2-1/2

[Event "Miedzynarodowe Mistrzostwa Malopolski"]
[Site "Krakow"]
[Date "2011.05.05"]
[Round "5"]
[White "Sadzikowski, Daniel"]
[Black "Jakubiec, Artur"]
[Result "1/2-1/2"]
[WhiteElo "2374"]
[BlackElo "2535"]
[PlyCount "20"]
[EventDate "2011.??.??"]

1. e4 c5 2. Nf3 Nc6 3. d4 cxd4 4. Nxd4 e5 5. Nb5 d6 6. c4 Be7 7. N1c3 a6 8. Na3
Nf6 9. Be2 O-O 10. O-O Be6 1/2-1/2

[Event "Miedzynarodowe Mistrzostwa Malopolski"]
[Site "Krakow"]
[Date "2011.05.05"]
[Round "5"]
[White "Lach, Piotr"]
[Black "Swiech, Przemyslaw"]
[Result "1-0"]
[WhiteElo "2176"]
[BlackElo "2219"]
[PlyCount "105"]
[EventDate "2011.??.??"]

1. e4 c5 2. Ne2 Nc6 3. Nbc3 d6 4. h3 g6 5. d4 cxd4 6. Nxd4 Bg7 7. Nde2 Nf6 8.
g3 Be6 9. Bg2 Qd7 10. Nd5 O-O 11. Bg5 Ne8 12. c3 b5 13. Qd2 b4 14. c4 Rc8 15.
Rd1 f6 16. Be3 Nc7 17. b3 Na6 18. Nd4 Nxd4 19. Bxd4 f5 20. Bxg7 Kxg7 21. Qd4+
Kg8 22. e5 Nc5 23. Nxb4 Qc7 24. exd6 Qa5 25. Qd2 exd6 26. Nd5 Qxd2+ 27. Rxd2
Kg7 28. Nf4 Bf7 29. Rxd6 g5 30. Nd5 Rfe8+ 31. Kd2 Re4 32. Re1 Rd4+ 33. Kc3 Rd3+
34. Kc2 f4 35. gxf4 Bg6 36. Rxg6+ hxg6 37. b4 Ra3 38. bxc5 Rxa2+ 39. Kd3 gxf4
40. Re7+ Kh6 41. h4 Rf8 42. Be4 Rxf2 43. Re6 Kh5 44. Rxg6 Kxh4 45. Ra6 f3 46.
c6 Rf1 47. Bxf3 R1xf3+ 48. Kd4 Ra8 49. c7 Rff8 50. Kc5 Kg5 51. Kc6 Kf5 52. Kb7
Ke5 53. Nb6 1-0

[Event "Miedzynarodowe Mistrzostwa Malopolski"]
[Site "Krakow"]
[Date "2011.05.05"]
[Round "5"]
[White "Jakubiec, Edyta"]
[Black "Szuper, Paul"]
[Result "0-1"]
[WhiteElo "2206"]
[BlackElo "2184"]
[PlyCount "88"]
[EventDate "2011.??.??"]

1. e4 e5 2. Nf3 d6 3. d4 exd4 4. Nxd4 Nf6 5. Nc3 Be7 6. Bc4 O-O 7. O-O Nc6 8.
Bf4 Ne5 9. Be2 Re8 10. Re1 Bf8 11. Bg3 Ng6 12. Bf3 c6 13. a4 a5 14. h4 Qb6 15.
Rb1 Ne5 16. Be2 Bd7 17. h5 Neg4 18. h6 Nxh6 19. f3 d5 20. Bf2 Bc5 21. Qd3 dxe4
22. Nxe4 Nxe4 23. fxe4 Rad8 24. c3 Ng4 25. Bxg4 Bxg4 26. Qg3 Bh5 27. b3 Bg6 28.
Qf3 Re5 29. Bg3 Bxd4+ 30. cxd4 Qxd4+ 31. Bf2 Qb4 32. Rbd1 Rxd1 33. Rxd1 h6 34.
Qg4 Kh7 35. Qc8 Bxe4 36. Rd4 Qe7 37. Rd8 Qg5 38. Rh8+ Kg6 39. Qh3 Qc1+ 40. Kh2
Rh5 41. Bh4 Qf4+ 42. Qg3+ Kf5 43. Qxf4+ Kxf4 44. g3+ Kf3 0-1

[Event "Miedzynarodowe Mistrzostwa Malopolski"]
[Site "Krakow"]
[Date "2011.05.05"]
[Round "5"]
[White "Kaim, Piotr"]
[Black "Szewczyk, Grzegorz"]
[Result "1-0"]
[WhiteElo "2285"]
[BlackElo "2000"]
[PlyCount "35"]
[EventDate "2011.??.??"]

1. e4 c6 2. d4 d5 3. exd5 cxd5 4. c4 Nf6 5. Nc3 Nc6 6. Bg5 Be6 7. Be2 Qa5 8.
Nf3 dxc4 9. O-O Rd8 10. Re1 h6 11. Bxf6 gxf6 12. Ne4 b6 13. Bxc4 f5 14. Bxe6
fxe4 15. Qc2 Rd6 16. Ne5 Nxe5 17. dxe5 fxe6 18. exd6 1-0

[Event "Miedzynarodowe Mistrzostwa Malopolski"]
[Site "Krakow"]
[Date "2011.05.05"]
[Round "5"]
[White "Watorek, Marcin"]
[Black "Sanetra, Szymon"]
[Result "1-0"]
[WhiteElo "2104"]
[BlackElo "2028"]
[PlyCount "65"]
[EventDate "2011.??.??"]

1. d4 d5 2. c4 e6 3. Nc3 Nf6 4. Bg5 Nbd7 5. Nf3 Be7 6. e3 O-O 7. Qc2 c5 8.
O-O-O Qa5 9. Kb1 h6 10. h4 cxd4 11. Bxf6 Nxf6 12. exd4 Rd8 13. Ne5 Bb4 14. g4
Bxc3 15. bxc3 Ne4 16. Rd3 Bd7 17. Nxd7 Rxd7 18. g5 h5 19. g6 f5 20. Bg2 Rc8 21.
f3 Nf6 22. Re1 dxc4 23. Rde3 Rd6 24. f4 Nd5 25. Bxd5 Qxd5 26. Qe2 Rb6+ 27. Ka1
Rcc6 28. Qxh5 Qg2 29. Qh7+ Kf8 30. Qh8+ Ke7 31. Qxg7+ Kd8 32. R3e2 Qg3 33. d5
1-0

[Event "Miedzynarodowe Mistrzostwa Malopolski"]
[Site "Krakow"]
[Date "2011.05.05"]
[Round "5"]
[White "Kawula, Andrzej"]
[Black "Kosturkiewicz, Jacek"]
[Result "1-0"]
[WhiteElo "1989"]
[BlackElo "2030"]
[PlyCount "65"]
[EventDate "2011.??.??"]

1. c4 e5 2. Nc3 Nf6 3. e4 Bc5 4. Be2 Nc6 5. Nf3 d6 6. O-O Bg4 7. d3 h6 8. Nd5
Bxf3 9. Bxf3 Nd4 10. b4 Nxf3+ 11. Qxf3 Nxd5 12. bxc5 Ne7 13. Qg3 Ng6 14. Rb1 b6
15. f4 exf4 16. Bxf4 dxc5 17. Bxc7 Qd4+ 18. Kh1 O-O 19. Rf5 Rac8 20. Rbf1 Qd7
21. Bd6 Rfe8 22. h4 Rcd8 23. e5 Nf8 24. Qf3 Ne6 25. Rxf7 Qa4 26. Qf5 Qxa2 27.
Qg6 Qe2 28. Kh2 Rd7 29. Rxd7 Qxf1 30. Qxe8+ Kh7 31. Qf7 Qe1 32. Qf5+ Kh8 33.
Qg4 1-0

[Event "Miedzynarodowe Mistrzostwa Malopolski"]
[Site "Krakow"]
[Date "2011.05.05"]
[Round "5"]
[White "Zaboklicki, Zbigniew"]
[Black "Goslawski, Michal"]
[Result "1/2-1/2"]
[WhiteElo "1898"]
[BlackElo "2033"]
[PlyCount "81"]
[EventDate "2011.??.??"]

1. c4 e6 2. d4 d5 3. Nc3 c6 4. e3 Nf6 5. Nf3 Nbd7 6. Be2 dxc4 7. Bxc4 b5 8. Bd3
a6 9. O-O c5 10. Qe2 Bb7 11. Rd1 Qc7 12. e4 cxd4 13. Nxd4 b4 14. Na4 Bd6 15.
Nf3 Bc6 16. b3 Ne5 17. Bb2 Nxf3+ 18. Qxf3 Bxh2+ 19. Kh1 Be5 20. Rac1 Bxb2 21.
Nxb2 O-O 22. Nc4 Qb8 23. Re1 Rd8 24. Qh3 e5 25. Re3 Bb5 26. Rf3 Qc8 27. Qg3 Qg4
28. Nxe5 Qxg3 29. fxg3 Bxd3 30. Nxd3 Nxe4 31. Nxb4 a5 32. Nc6 Rd2 33. Nxa5 Rxa2
34. Nc4 Nf2+ 35. Kh2 Ng4+ 36. Kg1 h5 37. Ne3 Rb2 38. Nxg4 hxg4 39. Rf2 Rxb3 40.
Kh2 f6 41. Rf4 1/2-1/2

[Event "Miedzynarodowe Mistrzostwa Malopolski"]
[Site "Krakow"]
[Date "2011.05.05"]
[Round "5"]
[White "Wierzbicka, Wiktoria"]
[Black "Blasiak, Miroslaw"]
[Result "1-0"]
[WhiteElo "2026"]
[BlackElo "1957"]
[PlyCount "65"]
[EventDate "2011.??.??"]

1. e4 e5 2. Nf3 Nc6 3. Bc4 Nf6 4. d3 Be7 5. O-O O-O 6. Bb3 d6 7. c3 Na5 8. Bc2
c5 9. Re1 Nc6 10. Nbd2 b5 11. Nf1 Re8 12. Ng3 h6 13. h3 Bf8 14. Be3 a6 15. d4
Qc7 16. d5 Nb8 17. a4 bxa4 18. Bxa4 Bd7 19. Bxd7 Nbxd7 20. Nd2 Reb8 21. Nc4 Rb5
22. Qe2 Nb6 23. Na3 Rb3 24. Qc2 c4 25. Nf1 Nbd7 26. Nd2 Rbb8 27. Naxc4 Nc5 28.
Na5 Rb5 29. b4 Ncd7 30. Ndc4 g6 31. Nc6 Nb8 32. Na3 Rb7 33. Na5 1-0

[Event "Miedzynarodowe Mistrzostwa Malopolski"]
[Site "?"]
[Date "2011.05.05"]
[Round "5"]
[White "Bednarczyk, Damian"]
[Black "Kumor, Lukasz"]
[Result "1-0"]
[WhiteElo "2002"]
[BlackElo "2165"]
[PlyCount "81"]
[EventDate "2011.05.01"]
[SourceDate "2011.05.05"]

1. d4 d5 2. c4 c6 3. Nc3 Nf6 4. Nf3 dxc4 5. a4 Bf5 6. e3 e6 7. Bxc4 Nbd7 8. O-O
Bb4 9. h3 O-O 10. Nh4 Nb6 11. Bb3 a5 12. Nxf5 exf5 13. Qf3 g6 14. Rd1 Rc8 15.
g4 fxg4 16. hxg4 h5 17. gxh5 Nxh5 18. e4 Qf6 19. Qg4 c5 20. e5 Qg7 21. Be3 c4
22. Bc2 Bxc3 23. bxc3 Nd5 24. Bd2 f5 25. Qg5 Kf7 26. Re1 Ke6 27. Bd1 Rg8 28.
Bf3 Rcd8 29. Rab1 Qc7 30. Rb5 Rg7 31. Reb1 Qe7 32. Rxd5 Qxg5+ 33. Bxg5 Rxd5 34.
Rb6+ Kd7 35. Bxd5 Kc8 36. e6 Rc7 37. e7 Kd7 38. Bf7 Ng7 39. Rxg6 Ne8 40. Bxe8+
Kxe8 41. Rg8+ 1-0